00744nam a2200241 a 4500001001000000003000500010005001700015008004100032010001100073011001100084020001500095040000900110082001300119100002400132245010500156260004700261300001100308490002000319534008600339650002600425650003100451830002000482000114568CHAP20220329144446.0180305s1974 sp |r| ||||||spa d a111029 a112001 a8434407353 cCHAP04a121bF4300aFeyerabend, Paul K.10aContra el método :besquema de una teoría anarquista del conocimiento /cpor Paul K. Feyerabend. aBarcelona, Esp. :bEditorial Ariel,c1974. a207 p. aAriel quincenal pTít. original :tAgainst Method : Outline of an Anarchistic Theory of Knowledge14aFilosofíaxCiencia.14aTeoría del conocimiento.0 aAriel quincenal